Statistiques concernant Candidat au présidentielle, sans voyelle

Cliquez ici pour prendre le quiz!

Statistiques générales

  • Ce quiz a été pris 86 fois
  • Le résultat moyen est 36 sur 49

Statistiques - réponses

HintRéponse% Correct
MCRNMacron
100%
MCRNMacron
100%
LSSLLLassalle
99%
LSSLLLassalle
99%
LPNLe Pen
99%
LPNLe Pen
99%
LPLe Pen
99%
LPNLe Pen
99%
ZMMRZemmour
99%
MLNCHNMelenchon
97%
MLNCHNMélenchon
97%
MLNCHNMélenchon
97%
PCRSSPécresse
97%
RSSLRoussel
96%
SRKZSarkozy
96%
SRKZSarkozy
96%
HDLGHidalgo
95%
HLLNDHollande
95%
PTPoutou
95%
PTPoutou
95%
PTPoutou
95%
DPTGNNDupont Aignan
94%
DPTGNNDupont Aignan
94%
DPTGNNDupont Aignan
94%
RTHDArthaud
92%
RTHDArthaud
92%
RTHDArthaud
92%
JDTJadot
92%
FLLNFillon
90%
HMNHamon
85%
ASSLNAsselineau
81%
CHMNDCheminade
68%
CHMNDCheminade
68%
RLRoyal
54%
BRBayrou
50%
BRBayrou
50%
BSNCNTBesancenot
50%
VLLRSVilliers
46%
JLJoly
44%
BFFTBuffet
41%
LGLLRLaguiller
38%
BVBové
33%
SCHVRDSchivardi
19%
VNTVoynet
19%
NHSNihous
17%
Présidentielle 20222022
14%
Présidentielle 20072007
13%
Présidentielle 20122012
13%
Présidentielle 20172017
13%

Distribution des résultats

Percentile par nombre de réponses

% des personnes avec chaque résultat

Votre développement - résultats

Vous n’avez pas pris ce quiz